00261 a2200109 4500001000700000020000600007040001100013100003100024240004600055245004100101362000900142168082 a  cMagnum aCook-Gumperz, Jenny (Org.)10aA construcao social da alfabetizacaolpor10aA construcao social da alfabetizacao0 a1899